| 000 | 00815nam a2200265 a 4500 | ||
|---|---|---|---|
| 001 | BRL_314 | ||
| 005 | 20190320210700.0 | ||
| 008 | 290713s1986----mx-o######---#000-0#spa-# | ||
| 020 | _a9684980329 | ||
| 041 | _aspa | ||
| 044 | _amx | ||
| 050 | 4 |
_aGT4995 _b.D53 1986 |
|
| 245 | 1 | 0 |
_aLos días de muertos _buna costumbre mexicana _cEfraín Cortés Ruiz ... [et al.]. |
| 260 |
_aMéxico _bGV Editores _c1986 |
||
| 300 |
_a48 p. _bil. (algunas a color) _c27 cm. |
||
| 500 | _aVer no. de sistema 338 (ed. en inglés) | ||
| 500 | _aAu2343 | ||
| 504 | _aBibliografía : p. 47-48 | ||
| 650 | 1 | 4 |
_aDía de muertos _zMéxico _923524 |
| 650 | 1 | 4 |
_aDía de todos los santos _zMéxico _95138 |
| 651 | 4 |
_aMéxico _xVida social y costumbres _9769 |
|
| 700 | 1 |
_aCortés Ruiz, Efraín _923525 |
|
| 902 | _aGRL | ||
| 942 |
_2lcc _cB |
||
| 999 |
_c9127 _d9127 |
||